2004, č. 2

Guardado en:
Detalles Bibliográficos
Autor Corporativo: Medzinárodná konferencia Trenčín
Formato: Procedimiento de la Conferencia Libro
Lenguaje:lenguas múltiples
Publicado: Trenčín : Trenčianska univerzita Alexandra Dubčeka v Trenčíne, 2004
Materias:
Etiquetas: Agregar Etiqueta
Sin Etiquetas, Sea el primero en etiquetar este registro!

MARC

LEADER 00000nam a22000003a 4500
001 stu89744
005 20150408161124.7
008 040831s2004----xo------------------mul-d
020 |a 80-8075-018-1 
040 |a STU  |b slo 
041 0 |a mul 
044 |a xo 
080 |a 658.3 
080 |a (063) 
111 2 |a Medzinárodná konferencia  |d (29.-30.2004 :  |c Trenčín) 
245 |a 2004, č. 2 
260 |a Trenčín :  |b Trenčianska univerzita Alexandra Dubčeka v Trenčíne,  |c 2004 
300 |a 256 s 
650 7 |a personalistika  |2 stusub 
996 |b 284M060167  |c M*Z-2460  |l MMKN  |s A  |a 24  |w stu89744_0001